00960 2200181 4500001002100000005001500021035002000036245012600056100001900182250001700201300003200218260003100250082000800281084001400289020002200303650003000325520042300355INLIS00000000000000820240318092223 a0010-03240000081 aAku Bisa Menjadi Princess Muslimah nan Salihah :bPanduan Seru Untuk Menjadi Muslimah Sejati nan Syar'i /cTethy Ezokanzo0 aTethy Ezokanzo acetakan ke-1 avi, 90 hlm :bilus ;c24 cm aSolo :bTiga Ananda,c2018 a813 a813 TET a a978-602-366-378-1 4aReligi Islam, Religi Anak aAdik-Adik Muslimah, tahukah kalian, kita semua bisa menjadi seorang princess, lho. Tepatnya seorang princess muslimah. Princess muslimah adalah seorang princess yang akan dirindukan Allah untuk menghuni istana surga kelak. Wah, asyik, kan ? Bagaimana caranya ? Haruskah kita berasal dari keturunan kerajaan dan berpenampilan bak seorang putri raja ? Di buku ini kita dapat menjadi seorang muslimah sesuai ajaran Islam.